| 000 | 00362nam a22001577a 4500 | ||
|---|---|---|---|
| 005 | 20160614095022.0 | ||
| 008 | 160614b xxu||||| |||| 00| 0 eng d | ||
| 041 | _aeng | ||
| 082 | _b7312 | ||
| 100 |
_aAhuja, B.N. & Chalabra, S.S. _91795 |
||
| 245 | _aDeveloping Communication | ||
| 260 | _bSujeet | ||
| 300 | _a261 | ||
| 650 |
_aManagement _9241 |
||
| 942 | _cBK | ||
| 999 |
_c2572 _d2571 |
||